000 00351nam a2200145Ia 4500
008 150201s2004 xx 000 0 und d
082 _a618
_bA04K
100 _aKOTDAWALA, PARUL
245 _aADOLESCENT GIRL-AN UPDATE
250 _a1ST
260 _bJAYPEE BROTHERS
_aDELHI
_c2004
300 _a1-269
650 _aOBST & GYNAECOLOGY
942 _2ddc
_cBK
999 _c176
_d176